000 01005nam a2200277 4500
001 21522
003 BD-RjUL21586
005 20211209000709.0
008 140304s1968 nyu 000 d eng
035 _a(BD-RjUL)21586
040 _aDLC
_cDLC
_dDLC
_dBD-RjUL
_beng
041 1 _aengfre
082 0 0 _a842.8
_bJAU 1968
100 1 _aJarry, Alfred,
_d1873-1907.
_966467
245 1 4 _aThe Ubu plays /
_cEdited, with an introd., by Simon Watson Taylor.
260 _aNew York :
_bGrove Press,
_cc1968.
300 _a148 p. ;
_c20 cm.
350 _a1.95
490 0 _aAn Evergreen original, E-496
505 0 _aUbu Rex (Ubu Roi), translated by C. Connolly and S. W. Taylor.--Ubu cuckolded (Ubu cocu), translated by C. Connolly.--Ubu enchained (Ubu enchaîné), translated by S. W. Taylor.
600 1 0 _aJarry, Alfred,
_d1873-1907
_xTranslations into English.
_966472
650 0 _aUbu (Fictitious character)
_xDrama.
_966469
942 _2ddc
_cBK
999 _c21522
_d21522